000 01106nam a2200301 i 4500
001 000044187
003 DO-SdBNP
005 20250715134707.0
007 ta
008 140605s2006 dr a r 000 0 spa d
020 _a9993430897
040 _aDO-SdBNP
_bspa
_cBNPHU
_erda
082 4 _a332.11
_bA452q
_222
100 1 _aAlmonte Diloné, Henry,
_eautor
_4aut.
_91585
245 1 0 _a¿Qué es un Banco Central? /
_cHenry Almonte Diloné.
264 1 _aSanto Domingo :
_bBanco Central de la República Dominicana,
_c2006.
300 _a53 páginas :
_bilustraciones ;
_c22 cm.
336 _atexto
_btxt
_2rdacontent
337 _asin mediación
_bn
_2rdamedia
338 _avolumen
_bnc
_2rdacarrier
490 1 _aBanco Central de la República Dominicana
_v88
490 1 _aEducativa BCRD
_v1
650 4 _aBancos centrales
_vLiteratura juvenil
_972190
650 4 _aBanco central de república dominicana.
_vLiteratura juvenil
_972191
710 2 _aBanco Central de la República Dominicana
_983405
830 0 _aBanco Central de la República Dominicana
_n88
_pEducativa BCRD; 1
_972192
942 _2ddc
_cLBS1
999 _c43676
_d43676